000 00685nam a2200205 u 4500
005 20220916063543.0
008 090204s2007 ea r 000 0 spa d
020 _a1404272224
035 _aUPN01000168772
049 _aI
050 4 _aQK475.8
_bH6.5
100 1 _aHoffman, Mary Ann,
_d1947-
_933606
245 1 3 _aEl misterio en el árbol /
_cMary Ann Hoffman ; tr. María Cristina Brusca.
260 _aNew York :
_bRosen Classroom Books & Materials,
_c2007.
300 _a16 p. :
_bprincipalmente il. col.
440 0 _aLecturas del barrio.
_pMisterio
650 4 _aARBOLES -
_vLITERATURA INFANTIL
_911051
650 7 _aLibros ilustrados para niños
_2
_921365
905 _aInfantil
999 _c140878
_d140878